000 00614nam a2200193Ia 4500
005 20250326142919.0
008 250326s9999 xx 000 0 und d
020 _a0-674-00890-1
037 _aTextbook
040 _aFMSL
_beng
_cFMSL
041 _aeng
_2eng
084 _aX:973 P2
_qFMSL
100 _aRaiffa H
_9132373
245 0 _aNegotiation Analysis: Science and art of collaborative decision making
_cRaiffa H; Richardson J And Others
260 _aLondon
_bLondon, Belknap Press of Harvard University Press
_c2002
300 _a557p
942 _cTB
_hX:973 P2
999 _c1297235
_d1297235